[Note from D. MacLeith, auctioneer, to Messrs. Hunter Campbell dated 10 November 1832 regarding the sale of the estates of South Uist Benbecula] (Record no. 116573)

MARC details
000 -LEADER
fixed length control field 00771ctm a22002055a 4500
001 - CONTROL NUMBER
control field L141077
008 - FIXED-LENGTH DATA ELEMENTS--GENERAL INFORMATION
fixed length control field 071026s1832 xxk eng u
035 ## - SYSTEM CONTROL NUMBER
System control number (Sirsi) u141077
041 0# - LANGUAGE CODE
Language code of text/sound track or separate title eng
100 1# - MAIN ENTRY--PERSONAL NAME
Personal name MacLeith, D.
245 01 - TITLE STATEMENT
Title [Note from D. MacLeith, auctioneer, to Messrs. Hunter Campbell dated 10 November 1832 regarding the sale of the estates of South Uist Benbecula]
Medium [manuscript]
260 ## - PUBLICATION, DISTRIBUTION, ETC.
Date of publication, distribution, etc. 1832
300 ## - PHYSICAL DESCRIPTION
Extent 2 leaves
Dimensions 18 x 11 cm.
340 ## - PHYSICAL MEDIUM
Material base and configuration Ink on paper
351 ## - ORGANIZATION AND ARRANGEMENT OF MATERIALS
Hierarchical level Single item
500 ## - GENERAL NOTE
General note The note acknowledges the booking of a forthcoming sale for 23 January 1833 at the Royal Exchange Coffee House, Edinburgh.
651 4# - SUBJECT ADDED ENTRY--GEOGRAPHIC NAME
Geographic name Edinburgh
690 ## - LOCAL SUBJECT ADDED ENTRY--TOPICAL TERM (OCLC, RLIN)
Topical term or geographic name as entry element PROPERTY ACQUISITION AND DISPOSAL-ACQUISITION AND DISPOSAL AT AUCTION
942 ## - ADDED ENTRY ELEMENTS (KOHA)
Suppress in OPAC 0
Holdings
Withdrawn status Lost status Source of classification or shelving scheme Damaged status Not for loan Home library Current library Shelving location Date acquired Total Checkouts Full call number Barcode Date last seen Copy number Price effective from Koha item type
    Dewey Decimal Classification     London London Basement 26/10/2007   BASEMENT BOX 4 141077-1001 06/08/2019 1 06/08/2019 Archive